Thoughts on hunting : in a series of familiar letters to a friend /

Bibliographic Details
Main Author: Beckford, Peter, 1740-1811
Format: Book
Language:English
Published: London : Sherwood, Neely and Jones, [1820]
Subjects:

MARC

Tag First Indicator Second Indicator Subfields
LEADER 00000cam a2200000 4500
001 in00000774607
005 20151017064146.0
008 770428s1820 enka 00010 eng
010 |a  25005245  
035 |a (OCoLC)02923516 
035 |9 ADN3673AM 
040 |a DLC  |c EEM  |d TXA  |d UtOrBLW 
049 1 |a TXA1 [RARE] 
050 0 0 |a SK285  |b .B39 1820 
100 1 |a Beckford, Peter,  |d 1740-1811. 
245 1 0 |a Thoughts on hunting :  |b in a series of familiar letters to a friend /  |c By Peter Beckford, esq. 
264 1 |a London :  |b Sherwood, Neely and Jones,  |c [1820] 
300 |a xii, 321 pages, 1 unnumbered page :  |b frontispiece, illustrations ;  |c 22 cm. 
336 |a text  |b txt  |2 rdacontent 
337 |a unmediated  |b n  |2 rdamedia 
338 |a volume  |b nc  |2 rdacarrier 
500 |a Title within ornamental border. 
500 |a First published in 1781, under title: Thoughts upon hare and fox hunting. cf. Dict. nat. biog. 
650 0 |a Fox hunting. 
999 |a MARS 
999 f f |s cf35b69e-af28-32dc-baf6-ecb9d21efad6  |i d102e46b-afd5-32c2-a060-f4eaa26baa34  |t 0 
952 f f |p noncirc  |a Texas A&M University  |b College Station  |c Cushing Memorial Library & Archives  |d Cushing: Rare Books (Does not check out)  |t 0  |e SK285 .B39 1820  |h Library of Congress classification  |i unmediated -- volume 
998 f f |a SK285 .B39 1820  |t 0  |l Cushing: Rare Books (Does not check out)